| 000 | 00576nam a2200205Ia 4500 | ||
|---|---|---|---|
| 003 | OSt | ||
| 005 | 20230518152906.0 | ||
| 008 | 210423s2001 xx 000 0 und d | ||
| 040 | _cAL | ||
| 041 | _aeng | ||
| 082 |
_a338.9 _223 _bMITP |
||
| 100 |
_aMITTAL (A C) _9108763 |
||
| 245 | _aPlanning for urban and economic development: part 1 | ||
| 260 |
_aNew Delhi _bMittal Publications _c2001 |
||
| 365 |
_b700 _cINR |
||
| 650 |
_aEconomics _9108764 |
||
| 650 |
_aEconomics of Development _9108765 |
||
| 906 | _adevelopment: ; economic ; Planning ; urban | ||
| 942 |
_2ddc _cBK |
||
| 999 |
_c172447 _d172447 |
||